[Event "IV Open Internacional Ciutat d"]
[Site "Palma"]
[Date "2009.11.25"]
[Round "6.19"]
[White "Buhmann, Rainer"]
[Black "Ortega Ruiz, Jose Miguel"]
[Result "1-0"]
[WhiteElo "2603"]
[BlackElo "2326"]
[PlyCount "73"]
[EventDate "2009.11.21"]

1. Nf3 d5 2. c4 c6 3. e3 Nf6 4. Nc3 e6 5. b3 Nbd7 6. Bb2 Bd6 7. d4 Qe7 8. Be2
O-O 9. Qc2 dxc4 10. bxc4 e5 11. O-O e4 12. Nd2 Re8 13. a4 Nf8 14. a5 Ng6 15. g3
h5 16. Qb3 Qd7 17. Rfc1 Qf5 18. Qd1 h4 19. c5 hxg3 20. hxg3 Bc7 21. Qf1 Ne7 22.
a6 b5 23. cxb6 axb6 24. Ndxe4 Nxe4 25. Bd3 Qxf2+ 26. Qxf2 Nxf2 27. Kxf2 Nf5 28.
Bxf5 Bxf5 29. d5 Bd7 30. dxc6 Bxc6 31. Ne2 Re6 32. Nd4 Rf6+ 33. Ke2 Bxg3 34.
Nxc6 Rf2+ 35. Kd3 Rxb2 36. Ne7+ Kh7 37. Rc8 1-0

[Event "IV Open Internacional Ciutat d"]
[Site "Palma"]
[Date "2009.11.25"]
[Round "6.26"]
[White "Souleidis, Georgios"]
[Black "Zygouris, Hristos"]
[Result "1-0"]
[WhiteElo "2429"]
[BlackElo "2246"]
[PlyCount "73"]
[EventDate "2009.11.21"]

1. e4 Nf6 2. Nc3 e5 3. f4 d5 4. fxe5 Nxe4 5. Nf3 Bg4 6. Qe2 Nc6 7. Nxe4 Nd4 8.
Qd3 Bxf3 9. gxf3 dxe4 10. Qxe4 Be7 11. c3 Bh4+ 12. Kd1 Ne6 13. d4 Nc5 14. Qg4
g6 15. Kc2 h5 16. Qf4 Ne6 17. Qe4 c6 18. Bc4 Qe7 19. Be3 O-O-O 20. Rad1 Nc7 21.
f4 Nd5 22. Bc1 Qe6 23. Bb3 b5 24. Kb1 f5 25. Qf3 Rh7 26. Rhg1 Kd7 27. Rg2 Be7
28. Rdg1 Rh6 29. Qd3 Rb8 30. Bd2 Bd8 31. Bc2 Nb6 32. Ka1 Be7 33. Be1 a5 34. Qh3
Nd5 35. Rxg6 Rxg6 36. Rxg6 Nxf4 37. Bxf5 1-0

[Event "IV Open Internacional Ciutat d"]
[Site "Palma"]
[Date "2009.11.25"]
[Round "6.40"]
[White "Piasetski, Leon"]
[Black "Matas Artigues, Josep"]
[Result "1-0"]
[WhiteElo "2269"]
[BlackElo "1709"]
[PlyCount "71"]
[EventDate "2009.11.21"]

1. Nf3 Nf6 2. d4 d5 3. c4 Bf5 4. cxd5 Nxd5 5. Nh4 Bxb1 6. Rxb1 e6 7. Nf3 Nd7 8.
e4 N5b6 9. b4 a5 10. b5 Bb4+ 11. Bd2 Bxd2+ 12. Qxd2 Nf6 13. Bd3 Qe7 14. O-O
Nfd7 15. Rfc1 Rc8 16. Qxa5 Ra8 17. Qd2 Rc8 18. e5 g6 19. a4 Nd5 20. a5 O-O 21.
Bc4 f5 22. Bxd5 exd5 23. Qa2 c6 24. bxc6 bxc6 25. Rb7 Rb8 26. Rc7 Rb5 27. h4
Ra8 28. a6 Qd8 29. R7xc6 Ra5 30. Qb3 Rb8 31. Qc3 Ra4 32. h5 g5 33. Qc2 g4 34.
Qxa4 gxf3 35. a7 Ra8 36. Rc8 1-0

[Event "IV Open Internacional Ciutat d"]
[Site "Palma"]
[Date "2009.11.25"]
[Round "6.25"]
[White "Colovic, Aleksandar"]
[Black "Garcia Del Rey, Senen"]
[Result "1-0"]
[WhiteElo "2443"]
[BlackElo "2278"]
[PlyCount "65"]
[EventDate "2009.11.21"]

1. e4 c5 2. Nf3 e6 3. d4 cxd4 4. Nxd4 Nc6 5. Nc3 Qc7 6. f4 a6 7. Be3 b5 8. Bd3
Bb7 9. Qf3 Nf6 10. O-O-O Bb4 11. Nde2 Bxc3 12. Nxc3 Nb4 13. Qg3 O-O 14. Kb1
Rfc8 15. Bd4 Ne8 16. Rhf1 Nxd3 17. Qxd3 Qc6 18. a3 Qc4 19. f5 Qxd3 20. cxd3 f6
21. g4 e5 22. Be3 d5 23. exd5 Rd8 24. d4 e4 25. Nxe4 Bxd5 26. Nc5 Nd6 27. Bf4
Ne4 28. Rfe1 Nxc5 29. dxc5 Bf3 30. Rxd8+ Rxd8 31. h3 Kf7 32. Re6 Rc8 33. b4 1-0

[Event "IV Open Internacional Ciutat d"]
[Site "Palma"]
[Date "2009.11.25"]
[Round "6.56"]
[White "Durandeau, Jean-Marie"]
[Black "Caliz Morales, Felipe"]
[Result "0-1"]
[WhiteElo "2049"]
[BlackElo "1849"]
[PlyCount "66"]
[EventDate "2009.11.21"]

1. e4 d6 2. d4 Nf6 3. Nc3 g6 4. Be3 c6 5. Qd2 b5 6. Bd3 Nbd7 7. Nf3 b4 8. Ne2
a5 9. c4 bxc3 10. bxc3 Bg7 11. O-O O-O 12. Rab1 Qc7 13. h3 c5 14. g3 Ba6 15.
Nh4 e6 16. f4 Qd8 17. Nf3 Bxd3 18. Qxd3 Qc7 19. Nh2 Rfb8 20. Ng4 Rxb1 21. Rxb1
Nxg4 22. hxg4 cxd4 23. cxd4 Rb8 24. Rc1 Qb7 25. e5 Qd5 26. Qc2 dxe5 27. dxe5 f6
28. exf6 Nxf6 29. g5 Ng4 30. Bb6 Rxb6 31. Qc8+ Bf8 32. Rc7 Rb2 33. Rc2 Qd1+ 0-1

[Event "IV Open Internacional Ciutat d"]
[Site "Palma"]
[Date "2009.11.25"]
[Round "6.47"]
[White "Zanetti, Bruno"]
[Black "Berube, Antoine"]
[Result "0-1"]
[WhiteElo "1988"]
[BlackElo "2122"]
[PlyCount "64"]
[EventDate "2009.11.21"]

1. d4 d5 2. Nf3 Nf6 3. Bg5 Ne4 4. Bh4 c5 5. e3 Nc6 6. c3 Qb6 7. Qb3 c4 8. Qc2
Bf5 9. Qc1 e6 10. Nfd2 Be7 11. Bxe7 Nxe7 12. Nxe4 Bxe4 13. Nd2 Bg6 14. e4 O-O
15. e5 Qc7 16. Be2 f6 17. f4 fxe5 18. fxe5 b5 19. Nf3 Rab8 20. O-O b4 21. Ng5
Rxf1+ 22. Qxf1 Qd7 23. Bg4 Nf5 24. Qf2 bxc3 25. bxc3 Qe7 26. Nh3 Qa3 27. Rf1
Qxc3 28. Bxf5 Bxf5 29. g4 Qxh3 30. gxf5 Qxf5 31. Qxf5 exf5 32. Rxf5 c3 0-1

[Event "IV Open Internacional Ciutat d"]
[Site "Palma"]
[Date "2009.11.25"]
[Round "6.64"]
[White "Escofet Llongueras, Joan"]
[Black "Milian Calatayud, Jose Luis"]
[Result "1-0"]
[WhiteElo "1865"]
[BlackElo "1728"]
[PlyCount "61"]
[EventDate "2009.11.21"]

1. c4 c5 2. Nc3 Nf6 3. g3 Nc6 4. Bg2 b6 5. e4 e5 6. Nge2 Bb7 7. d3 Be7 8. O-O
O-O 9. Nd5 Nxd5 10. exd5 Nd4 11. d6 Nf3+ 12. Bxf3 Bxf3 13. dxe7 Qxe7 14. h3 h5
15. Qe1 f5 16. Kh2 f4 17. Nxf4 Qf7 18. Ng2 Bxg2 19. Kxg2 Qf3+ 20. Kh2 Qxd3 21.
b3 h4 22. Bg5 hxg3+ 23. fxg3 Rf5 24. Rd1 Rxf1 25. Qxf1 Qg6 26. Qd3 Qxd3 27.
Rxd3 Rf8 28. Kg2 Rf7 29. Rd5 Kh7 30. Rxe5 Kg6 31. Bf4 1-0

[Event "IV Open Internacional Ciutat d"]
[Site "Palma"]
[Date "2009.11.25"]
[Round "6.8"]
[White "Abergel, Thal"]
[Black "Bhat, Vinay S"]
[Result "1/2-1/2"]
[WhiteElo "2533"]
[BlackElo "2510"]
[PlyCount "57"]
[EventDate "2009.11.21"]

1. e4 e5 2. Nf3 Nc6 3. d4 exd4 4. Nxd4 Nf6 5. Nxc6 bxc6 6. e5 Qe7 7. Qe2 Nd5 8.
c4 Nb6 9. Nc3 Qe6 10. Qe4 g6 11. Bd3 Ba6 12. b3 Bg7 13. f4 d5 14. cxd5 cxd5 15.
Nxd5 Nxd5 16. Bxa6 Qxa6 17. Qxd5 O-O 18. Kf2 Rad8 19. Qc4 Qxc4 20. bxc4 f6 21.
e6 Rfe8 22. Re1 Rd4 23. Be3 Rxc4 24. f5 gxf5 25. Rec1 Rxc1 26. Rxc1 Rxe6 27.
Rxc7 a6 28. a4 Bf8 29. Kf3 1/2-1/2

[Event "IV Open Internacional Ciutat d"]
[Site "Palma"]
[Date "2009.11.25"]
[Round "6.60"]
[White "Navarrete Espi, Samuel"]
[Black "Navarrete Abraham, Jorge"]
[Result "1-0"]
[WhiteElo "1969"]
[BlackElo "1671"]
[PlyCount "57"]
[EventDate "2009.11.21"]

1. e4 c5 2. Nf3 d6 3. d4 cxd4 4. Nxd4 Nf6 5. Nc3 a6 6. Be3 e5 7. Nb3 Be6 8. f3
Nbd7 9. Qd2 b5 10. g4 Nb6 11. g5 Nh5 12. Nd5 Nxd5 13. exd5 Bf5 14. Na5 Bd7 15.
O-O-O Be7 16. Rg1 g6 17. Nc6 Bxc6 18. dxc6 Qc7 19. Qd5 O-O 20. Bh3 Rfb8 21.
Rgf1 b4 22. f4 exf4 23. Bxf4 Rb5 24. Qxf7+ Kxf7 25. Bxd6+ Kg8 26. Be6+ Kh8 27.
Bxc7 Bxg5+ 28. Kb1 Bf6 29. Bd6 1-0

[Event "IV Open Internacional Ciutat d"]
[Site "Palma"]
[Date "2009.11.25"]
[Round "6.36"]
[White "Pons Sastre, Santiago"]
[Black "Henrichs, Wenke"]
[Result "1-0"]
[WhiteElo "2380"]
[BlackElo "2039"]
[PlyCount "57"]
[EventDate "2009.11.21"]

1. c4 Nf6 2. Nc3 g6 3. g3 Bg7 4. Bg2 O-O 5. Nf3 c5 6. O-O Nc6 7. d4 cxd4 8.
Nxd4 Ne8 9. Bxc6 dxc6 10. Nxc6 Qc7 11. Nd5 Qd6 12. Ncxe7+ Kh8 13. Qd3 Be6 14.
Bd2 b5 15. cxb5 Bxb2 16. Rab1 Bg7 17. Bb4 Qd7 18. Rfd1 a5 19. Ba3 f5 20. Qe3
Nd6 21. Nb6 f4 22. gxf4 Qxe7 23. Bxd6 Qf7 24. Nxa8 Rxa8 25. Be5 Bxa2 26. Rbc1
Re8 27. Rc7 Qxc7 28. Bxc7 Rxe3 29. fxe3 1-0

[Event "IV Open Internacional Ciutat d"]
[Site "Palma"]
[Date "2009.11.25"]
[Round "6.7"]
[White "Aloma Vidal, Robert"]
[Black "Savchenko, Stanislav"]
[Result "0-1"]
[WhiteElo "2458"]
[BlackElo "2536"]
[PlyCount "54"]
[EventDate "2009.11.21"]

1. Nf3 d5 2. c4 c6 3. e3 Nf6 4. Nc3 e6 5. d4 Nbd7 6. Qc2 Bd6 7. g4 h6 8. Bd2
dxc4 9. Bxc4 b5 10. Be2 Bb7 11. e4 Be7 12. g5 hxg5 13. Nxg5 c5 14. dxc5 b4 15.
Na4 Rh4 16. f4 Rc8 17. Qd3 Nxc5 18. Nxc5 Bxc5 19. Qb5+ Qd7 20. Qxd7+ Nxd7 21.
Bd3 Bd6 22. O-O Rg4+ 23. Kh1 Nc5 24. Bb5+ Ke7 25. Rae1 Rxg5 26. fxg5 Nxe4 27.
Bf4 Nf2+ 0-1

[Event "IV Open Internacional Ciutat d"]
[Site "Palma"]
[Date "2009.11.25"]
[Round "6.17"]
[White "Carlsson, Pontus"]
[Black "Guerra Bastida, Diego"]
[Result "1/2-1/2"]
[WhiteElo "2480"]
[BlackElo "2429"]
[PlyCount "49"]
[EventDate "2009.11.21"]

1. e4 g6 2. d4 Bg7 3. Nc3 d6 4. f4 Nf6 5. Nf3 c5 6. Bb5+ Bd7 7. e5 Ng4 8. Bxd7+
Qxd7 9. h3 cxd4 10. Qxd4 Nh6 11. g4 Nc6 12. Qe4 O-O-O 13. Bd2 f5 14. exf6 exf6
15. Qd3 d5 16. O-O-O f5 17. g5 Nb4 18. Qf1 Nf7 19. Nb5 Nc6 20. Bc3 Bxc3 21.
Nxc3 d4 22. Qf2 Qd6 23. Ne2 Qd5 24. Kb1 Rhe8 25. Nfxd4 1/2-1/2

[Event "IV Open Internacional Ciutat d"]
[Site "Palma"]
[Date "2009.11.25"]
[Round "6.44"]
[White "Ali, Ehsan"]
[Black "Kwossek, Georg"]
[Result "1-0"]
[WhiteElo "2312"]
[BlackElo "2018"]
[PlyCount "47"]
[EventDate "2009.11.21"]

1. e4 e6 2. d4 d5 3. Nd2 Nc6 4. c3 Nf6 5. e5 Nd7 6. Bd3 a5 7. f4 f5 8. Ngf3 Be7
9. O-O Na7 10. Kh1 c5 11. g4 fxg4 12. Ng5 Qb6 13. Qxg4 Nf8 14. Nxh7 cxd4 15.
Qxg7 Rxh7 16. Bxh7 Nxh7 17. Qxh7 dxc3 18. bxc3 Qc6 19. Nf3 b6 20. Be3 d4 21.
cxd4 Bb7 22. Qg6+ Kd7 23. d5 exd5 24. Qg4+ 1-0

[Event "IV Open Internacional Ciutat d"]
[Site "Palma"]
[Date "2009.11.25"]
[Round "6.20"]
[White "Gomez Jurado, Luis Alberto"]
[Black "Burmakin, Vladimir"]
[Result "0-1"]
[WhiteElo "2283"]
[BlackElo "2602"]
[PlyCount "48"]
[EventDate "2009.11.21"]

1. Nf3 d5 2. d4 c6 3. c4 Nf6 4. Nc3 e6 5. e3 Nbd7 6. Qc2 Be7 7. g4 h6 8. Rg1
dxc4 9. Bxc4 Nd5 10. e4 Nxc3 11. bxc3 b5 12. Be2 Bb7 13. a4 a6 14. g5 hxg5 15.
Bxg5 Bxg5 16. Rxg5 Kf8 17. Qc1 c5 18. axb5 axb5 19. Rxa8 Qxa8 20. Bxb5 Bxe4 21.
Bxd7 Bxf3 22. Rxc5 Qe4+ 23. Kf1 Be2+ 24. Ke1 Bg4+ 0-1

[Event "IV Open Internacional Ciutat d"]
[Site "Palma"]
[Date "2009.11.25"]
[Round "6.11"]
[White "Haslinger, Stewart G"]
[Black "Henrichs, Thomas"]
[Result "1-0"]
[WhiteElo "2548"]
[BlackElo "2471"]
[PlyCount "48"]
[EventDate "2009.11.21"]

1. e4 c5 2. Nf3 d6 3. d4 cxd4 4. Nxd4 Nf6 5. Nc3 Nc6 6. Bg5 e6 7. Qd2 Be7 8.
O-O-O a6 9. h4 Nxd4 10. Qxd4 b5 11. e5 dxe5 12. Qxe5 Bd7 13. Ne4 h6 14. Bxf6
gxf6 15. Qg3 Kf8 16. Be2 Ra7 17. Rd3 Qc7 18. Nd6 Bc6 19. Rhd1 Bd5 20. Rc3 Qd7
21. Nc8 Rb7 22. Nxe7 Kxe7 23. Bf3 b4 24. Rc5 Rb5 1-0

[Event "IV Open Internacional Ciutat d"]
[Site "Palma"]
[Date "2009.11.25"]
[Round "6.55"]
[White "Sorell Nicolau, Pau"]
[Black "Bergas Ferriol, Jeronimo"]
[Result "1/2-1/2"]
[WhiteElo "1831"]
[BlackElo "2053"]
[PlyCount "46"]
[EventDate "2009.11.21"]

1. e4 c5 2. Bc4 Nc6 3. a3 e6 4. Nc3 Nf6 5. d3 d5 6. exd5 Nxd5 7. Nxd5 exd5 8.
Ba2 Be6 9. Nf3 Be7 10. Bf4 O-O 11. Qd2 b5 12. O-O Bg4 13. Ne5 Nxe5 14. Bxe5 Bg5
15. Qc3 f6 16. Bg3 c4 17. dxc4 Be2 18. cxd5 Bxf1 19. Rxf1 f5 20. Bc7 Qd7 21.
d6+ Kh8 22. Bd5 Bf6 23. Qc5 f4 1/2-1/2

[Event "IV Open Internacional Ciutat d"]
[Site "Palma"]
[Date "2009.11.25"]
[Round "6.52"]
[White "Balasch Sagrera, Carles"]
[Black "Aguilo Pons, Francesc"]
[Result "1/2-1/2"]
[WhiteElo "2062"]
[BlackElo "1867"]
[PlyCount "33"]
[EventDate "2009.11.21"]

1. e4 c5 2. Nc3 Nc6 3. g3 d6 4. Bg2 g6 5. d3 Bg7 6. Be3 Nf6 7. h3 Qa5 8. Qd2
Bd7 9. Nge2 e5 10. O-O Nd4 11. Kh2 h5 12. Nxd4 cxd4 13. Nd5 Qxd2 14. Nxf6+ Bxf6
15. Bxd2 h4 16. g4 g5 17. Bb4 1/2-1/2

[Event "IV Open Internacional Ciutat d"]
[Site "Palma"]
[Date "2009.11.25"]
[Round "6.4"]
[White "Pap, Misa"]
[Black "Mirzoev, Azer"]
[Result "0-1"]
[WhiteElo "2501"]
[BlackElo "2617"]
[PlyCount "93"]
[EventDate "2009.11.21"]

1. e4 Nf6 2. e5 Nd5 3. d4 d6 4. Nf3 dxe5 5. Nxe5 c6 6. Bc4 Nd7 7. Nd3 N7f6 8.
Ne5 Nd7 9. Nd3 N7f6 10. Ne5 Bf5 11. O-O Nd7 12. Nf3 e6 13. Re1 Be7 14. c3 O-O
15. Nbd2 Qc7 16. Ne4 h6 17. a4 Rfd8 18. Ng3 Bh7 19. Bb3 Bf8 20. Nh5 Re8 21. g3
Rad8 22. Nf4 N7f6 23. a5 Bd6 24. Nd3 Bf5 25. Nfe5 c5 26. Ba4 Rf8 27. a6 cxd4
28. cxd4 bxa6 29. Nc6 Rc8 30. Nde5 Nb6 31. Bb3 Qb7 32. Na5 Qa8 33. f3 Bxe5 34.
dxe5 Rfd8 35. Qe2 Nfd7 36. g4 Bg6 37. h4 Nc5 38. h5 Bd3 39. Qg2 Nxb3 40. Nxb3
Rc2 41. Qg3 Be2 42. Nd2 Rdxd2 43. Bxd2 Rxd2 44. Ra3 Qd8 45. Qf4 Rxb2 46. Rc3
Bb5 47. Rec1 0-1

[Event "IV Open Internacional Ciutat d"]
[Site "Palma"]
[Date "2009.11.25"]
[Round "6.6"]
[White "Ipatov, Alexander"]
[Black "Sumets, Andrey"]
[Result "0-1"]
[WhiteElo "2487"]
[BlackElo "2604"]
[PlyCount "136"]
[EventDate "2009.11.21"]

1. d4 Nf6 2. c4 e6 3. Nc3 Bb4 4. a3 Bxc3+ 5. bxc3 O-O 6. e3 c5 7. Bd3 Nc6 8.
Nf3 d6 9. e4 e5 10. d5 Ne7 11. Nh4 h6 12. Qf3 Ng6 13. Nf5 Bxf5 14. Qxf5 Qa5 15.
Bd2 Nf4 16. Bf1 Qd8 17. Bxf4 g6 18. Qh3 exf4 19. Qxh6 Nxe4 20. Bd3 Re8 21. O-O
Qf6 22. Qh3 Nxc3 23. Qf3 Re7 24. g3 Rae8 25. Kh1 Ne2 26. Ra2 Nd4 27. Qxf4 Qxf4
28. gxf4 Re1 29. Ra1 Rxa1 30. Rxa1 Ne2 31. f5 Nf4 32. Bf1 g5 33. Rb1 b6 34. Rb3
Re1 35. Kg1 Kg7 36. Re3 Ra1 37. Re7 Rxa3 38. Rd7 Kf6 39. Rxd6+ Kxf5 40. Rd7 f6
41. Re7 Ng6 42. Re8 Ne5 43. Kg2 Ra2 44. Kg3 Ra1 45. Kg2 Kf4 46. h3 Ra2 47. Re6
f5 48. Re8 Rd2 49. Ra8 a5 50. Rb8 Rb2 51. d6 a4 52. Ra8 Rd2 53. Rxa4 Rxd6 54.
Ra1 Rd2 55. Rc1 g4 56. Rc3 Rb2 57. hxg4 fxg4 58. Kg1 Nf3+ 59. Kg2 Ng5 60. Re3
g3 61. Rxg3 Rxf2+ 62. Kxf2 Ne4+ 63. Ke1 Nxg3 64. Bh3 Ke3 65. Be6 Ne4 66. Kd1
Kd3 67. Bf5 Kd4 68. Kc2 Nd6 0-1

[Event "IV Open Internacional Ciutat d"]
[Site "Palma"]
[Date "2009.11.25"]
[Round "6.9"]
[White "Tratar, Marko"]
[Black "Mamedov, Nidjat"]
[Result "0-1"]
[WhiteElo "2480"]
[BlackElo "2617"]
[PlyCount "172"]
[EventDate "2009.11.21"]

1. Nf3 Nf6 2. c4 g6 3. Nc3 Bg7 4. e4 d6 5. d4 O-O 6. Be2 e5 7. d5 Na6 8. Nd2
Ne8 9. O-O c5 10. a3 f5 11. Rb1 Nf6 12. b4 Bh6 13. exf5 gxf5 14. bxc5 Nxc5 15.
Nb3 Bxc1 16. Qxc1 Nfd7 17. f4 Nxb3 18. Rxb3 Nc5 19. Rb2 Qf6 20. Qe3 b6 21. g3
Bd7 22. Bd1 e4 23. Rg2 Kh8 24. Kh1 Rac8 25. Nb1 Na4 26. Be2 Rc7 27. h3 Nb2 28.
Nd2 b5 29. cxb5 Qc3 30. Qxc3+ Rxc3 31. Rb1 Rc2 32. Nf1 Na4 33. Ne3 Rc5 34. Rb4
Nc3 35. Bc4 Rfc8 36. g4 fxg4 37. hxg4 Nd1 38. Nxd1 Rxc4 39. Ne3 Rxb4 40. axb4
Rc3 41. Rg3 Bxb5 42. Nf5 Rd3 43. Ne3 Rd4 44. Kh2 Rxb4 45. Nf5 Bd3 46. Nxd6 Rd4
47. Re3 a5 48. Kg3 a4 49. Re1 a3 50. Ra1 Rxd5 51. Nxe4 Bxe4 52. Rxa3 Rd7 53.
Re3 Bd3 54. Kh4 Kg7 55. Kg3 Kf6 56. Kh4 Bg6 57. Kg3 Rd4 58. Rb3 Be8 59. Rb6+
Kf7 60. Rb7+ Bd7 61. Kh4 Rd6 62. Ra7 Kg7 63. Rb7 Kg6 64. Ra7 Rd1 65. Ra6+ Kf7
66. f5 Bb5 67. Ra7+ Kf6 68. Rb7 Rh1+ 69. Kg3 Be2 70. Kg2 Rh4 71. Kg3 Rh1 72.
Kg2 Rh4 73. Kg3 Rxg4+ 74. Kf2 Bd3 75. Rxh7 Bxf5 76. Ra7 Ke5 77. Re7+ Kf4 78.
Rf7 Rg8 79. Ke2 Rg2+ 80. Kd1 Ke4 81. Kc1 Rf2 82. Rb7 Ke3 83. Re7+ Be4 84. Re8
Rc2+ 85. Kd1 Rc7 86. Re6 Rb7 0-1

[Event "IV Open Internacional Ciutat d"]
[Site "Palma"]
[Date "2009.11.25"]
[Round "6.14"]
[White "Cabrera, Alexis"]
[Black "Bellon Lopez, Juan Manuel"]
[Result "1-0"]
[WhiteElo "2528"]
[BlackElo "2435"]
[PlyCount "63"]
[EventDate "2009.11.21"]

1. e4 c5 2. Nf3 e6 3. d4 cxd4 4. Nxd4 Nc6 5. Nc3 Qc7 6. Be3 a6 7. Qd2 Nf6 8.
O-O-O Nxd4 9. Qxd4 e5 10. Qb6 Qxb6 11. Bxb6 d6 12. Bc7 Kd7 13. Ba5 Kc6 14. Bc4
Be6 15. Bd5+ Bxd5 16. exd5+ Kd7 17. Na4 Rb8 18. Nb6+ Ke8 19. Bb4 Ne4 20. Rhf1
Rd8 21. f4 exf4 22. Rde1 f5 23. g4 g6 24. gxf5 gxf5 25. Bd2 Bg7 26. Bxf4 Rf8
27. Bg5 Rb8 28. Re3 Rf7 29. c3 Be5 30. Bf4 Rf8 31. Bxe5 dxe5 32. Rxe4 1-0

[Event "IV Open Internacional Ciutat d"]
[Site "Palma"]
[Date "2009.11.25"]
[Round "6.15"]
[White "Roy Chowdhury, Saptarshi"]
[Black "Bykhovsky, Anatoly"]
[Result "1/2-1/2"]
[WhiteElo "2427"]
[BlackElo "2488"]
[PlyCount "38"]
[EventDate "2009.11.21"]

1. e4 c5 2. Nc3 Nc6 3. Bb5 Nd4 4. Bc4 e6 5. Nf3 Nf6 6. O-O a6 7. d3 b5 8. Bb3
Nxb3 9. axb3 Bb7 10. e5 b4 11. Na4 Nd5 12. c4 bxc3 13. bxc3 d6 14. Re1 Be7 15.
Bd2 O-O 16. c4 Nb4 17. Bxb4 cxb4 18. d4 Qc7 19. Qe2 Rac8 1/2-1/2

[Event "IV Open Internacional Ciutat d"]
[Site "Palma"]
[Date "2009.11.25"]
[Round "6.16"]
[White "Zozulia, Anna"]
[Black "Sengupta, Deep"]
[Result "0-1"]
[WhiteElo "2324"]
[BlackElo "2488"]
[PlyCount "82"]
[EventDate "2009.11.21"]

1. e4 e6 2. d4 d5 3. Nd2 Nf6 4. e5 Nfd7 5. f4 c5 6. c3 Nc6 7. Ndf3 Qb6 8. a3 a5
9. b3 Be7 10. Be3 f6 11. Bf2 cxd4 12. cxd4 Bxa3 13. Bd3 Bb4+ 14. Kf1 Be7 15.
Ne2 Nb4 16. Bb1 Qc6 17. g4 fxe5 18. dxe5 Nc5 19. Nfd4 Qa6 20. Kg2 Ne4 21. Be1
Qb6 22. Bxb4 Bxb4 23. Bxe4 dxe4 24. Qc2 e3 25. Qe4 Bd7 26. Rhf1 Rc8 27. Rf3 Bd2
28. f5 O-O 29. Raf1 Bc6 30. Nxc6 Qxc6 31. Qxc6 bxc6 32. Rf4 Rb8 33. Rc4 exf5
34. gxf5 Rxb3 35. Rxc6 Rb5 36. Re6 a4 37. f6 gxf6 38. exf6 a3 39. Nd4 Rg5+ 40.
Kh3 a2 41. Ra1 Bc3 0-1

[Event "IV Open Internacional Ciutat d"]
[Site "Palma"]
[Date "2009.11.25"]
[Round "6.18"]
[White "Petkov, Vladimir"]
[Black "Cabrera Trujillo, Jorge"]
[Result "1-0"]
[WhiteElo "2477"]
[BlackElo "2380"]
[PlyCount "78"]
[EventDate "2009.11.21"]

1. d4 d5 2. c4 c6 3. Nc3 Nf6 4. cxd5 cxd5 5. Bf4 Nc6 6. e3 a6 7. Rc1 Bf5 8. Nf3
e6 9. Qb3 Ra7 10. Ne5 Nxe5 11. Bxe5 Nd7 12. Bg3 Be7 13. Be2 O-O 14. O-O b5 15.
a4 b4 16. Nb1 Qa5 17. Nd2 Nb6 18. Bc7 Bd8 19. Bd6 Be7 20. Bxe7 Rxe7 21. Rc6 Rc8
22. Rfc1 Rxc6 23. Rxc6 Re8 24. Qd1 Rb8 25. g4 Bg6 26. b3 Nd7 27. h4 h6 28. h5
Bh7 29. Qc1 Qd8 30. Bxa6 Qh4 31. Be2 f5 32. Rc8+ Rxc8 33. Qxc8+ Nf8 34. Nf1
fxg4 35. Ng3 Be4 36. a5 Bf3 37. Bf1 Qe7 38. a6 Kf7 39. Bb5 Bd1 1-0

[Event "IV Open Internacional Ciutat d"]
[Site "Palma"]
[Date "2009.11.25"]
[Round "6.21"]
[White "Brynell, Stellan"]
[Black "Rodriguez Lopez, Rafael"]
[Result "1-0"]
[WhiteElo "2472"]
[BlackElo "2323"]
[PlyCount "83"]
[EventDate "2009.11.21"]

1. d4 d5 2. c4 c6 3. Nf3 Nf6 4. Nc3 dxc4 5. a4 e6 6. e4 Bb4 7. e5 Nd5 8. Bd2 b5
9. Ng5 Be7 10. Qh5 g6 11. Qh6 Nxc3 12. bxc3 Bf8 13. Qh3 Be7 14. Ne4 Qd5 15. Qe3
Bb7 16. Be2 Na6 17. Bf3 Qd7 18. axb5 cxb5 19. O-O O-O-O 20. Rfb1 Kb8 21. Bc1
Nc7 22. d5 exd5 23. Qxa7+ Kc8 24. Nc5 Bxc5 25. Qxc5 h5 26. Be3 Qc6 27. Qb4 Kd7
28. Bg5 Rde8 29. Bf6 Rhg8 30. Ra7 Re6 31. Rba1 Rb8 32. h4 Ke8 33. g3 Ra8 34.
Bg7 Kd7 35. Rxa8 Bxa8 36. Qf8 Ne8 37. Bf6 Nxf6 38. exf6 Rxf6 39. Rxa8 Rxf3 40.
Ra7+ Qc7 41. Rxc7+ Kxc7 42. Qc5+ 1-0

[Event "IV Open Internacional Ciutat d"]
[Site "Palma"]
[Date "2009.11.25"]
[Round "6.23"]
[White "Gerzhoy, Leonid"]
[Black "Genutis, Mindaugas"]
[Result "1-0"]
[WhiteElo "2456"]
[BlackElo "2295"]
[PlyCount "71"]
[EventDate "2009.11.21"]

1. e4 c5 2. Nf3 e6 3. c3 Nf6 4. e5 Nd5 5. d4 cxd4 6. cxd4 d6 7. Nc3 Nxc3 8.
bxc3 Qc7 9. Bd2 Nd7 10. exd6 Bxd6 11. Bd3 b6 12. Ng5 Bb7 13. Qh5 g6 14. Qg4 Bd5
15. c4 Bxc4 16. Rc1 b5 17. Bxc4 bxc4 18. Nxe6 fxe6 19. Qxe6+ Be7 20. O-O Nb6
21. Rfe1 Rd8 22. Bg5 Rd7 23. Re5 Rf8 24. a4 Kd8 25. Rce1 Nc8 26. Rc5 Qd6 27.
Qxc4 Nb6 28. Qc1 Bxg5 29. Qxg5+ Qf6 30. Qe3 Qf4 31. Qe2 Nxa4 32. Re5 Nb6 33.
Re4 Qf6 34. g3 Kc7 35. Rc1+ Kb7 36. Rf4 1-0

[Event "IV Open Internacional Ciutat d"]
[Site "Palma"]
[Date "2009.11.25"]
[Round "6.24"]
[White "Spence, David J"]
[Black "Bellaiche, Anthony"]
[Result "0-1"]
[WhiteElo "2252"]
[BlackElo "2452"]
[PlyCount "82"]
[EventDate "2009.11.21"]

1. e4 c5 2. c3 d5 3. exd5 Qxd5 4. d4 Nf6 5. Nf3 e6 6. a3 Be7 7. Be3 cxd4 8.
cxd4 O-O 9. Nc3 Qd6 10. Bd3 Nc6 11. O-O b6 12. Qe2 Bb7 13. Rad1 Rad8 14. Rfe1
Rfe8 15. Bg5 g6 16. Bb1 Nd5 17. Nxd5 Bxg5 18. Nc3 Bf6 19. d5 exd5 20. Qxe8+
Rxe8 21. Rxe8+ Kg7 22. Rxd5 Qf4 23. Ne2 Qc4 24. Rd7 Ne5 25. Nxe5 Qxe2 26. Rxf7+
Kh6 27. Bd3 Qe1+ 28. Bf1 Bxe5 29. Rxb7 Bxh2+ 30. Kxh2 Qxe8 31. Kg1 Qa4 32. Re7
a5 33. Re5 Qd4 34. Rb5 Kg7 35. Rb3 g5 36. Rb5 Kg6 37. Rb3 h5 38. Bd3+ Kg7 39.
Bf1 h4 40. Rc3 Kf6 41. Rc2 h3 0-1

[Event "IV Open Internacional Ciutat d"]
[Site "Palma"]
[Date "2009.11.25"]
[Round "6.27"]
[White "Asis Gargatagli, Hipolit"]
[Black "Massanet Massanet, Sebastian"]
[Result "1/2-1/2"]
[WhiteElo "2414"]
[BlackElo "2243"]
[PlyCount "38"]
[EventDate "2009.11.21"]

1. e4 e6 2. d4 d5 3. Nd2 Nf6 4. e5 Nfd7 5. Bd3 c5 6. c3 Nc6 7. Ne2 cxd4 8. cxd4
f6 9. exf6 Nxf6 10. O-O Bd6 11. Nf3 O-O 12. Bf4 Bxf4 13. Nxf4 Ne4 14. g3 g5 15.
Ng2 Qf6 16. Bxe4 dxe4 17. Ne5 Nxe5 18. dxe5 Qxe5 19. Qe2 Bd7 1/2-1/2

[Event "IV Open Internacional Ciutat d"]
[Site "Palma"]
[Date "2009.11.25"]
[Round "6.28"]
[White "Lyell, Mark"]
[Black "Zude, Erik"]
[Result "0-1"]
[WhiteElo "2245"]
[BlackElo "2409"]
[PlyCount "112"]
[EventDate "2009.11.21"]

1. e4 c5 2. Nc3 d6 3. f4 g6 4. Nf3 Bg7 5. Bb5+ Bd7 6. Bc4 Nc6 7. O-O e6 8. d3
Nge7 9. f5 exf5 10. Bf4 Ne5 11. Nxe5 dxe5 12. Bg5 h6 13. exf5 hxg5 14. f6 O-O
15. Qf3 Bc6 16. fxe7 Qxe7 17. Nd5 Qd6 18. Nf6+ Bxf6 19. Qxf6 Qxf6 20. Rxf6 Kg7
21. Raf1 Be8 22. a4 Rc8 23. Bd5 Rc7 24. a5 Bc6 25. Bxc6 Rxc6 26. Rxc6 bxc6 27.
Kf2 Rb8 28. b3 f5 29. Ke3 g4 30. Kd2 Rh8 31. Rh1 Kf6 32. Ke3 f4+ 33. Ke4 Rb8
34. h3 Rb4+ 35. c4 gxh3 36. Rxh3 Rxb3 37. Rh7 Rb2 38. Rxa7 Re2+ 39. Kf3 Re3+
40. Kf2 Rxd3 41. Rc7 Rc3 42. Rxc6+ Kf5 43. Rxc5 g5 44. Rb5 g4 45. c5 g3+ 46.
Kf1 Rc1+ 47. Ke2 Rc2+ 48. Kf1 Rf2+ 49. Kg1 Rc2 50. Kf1 e4 51. c6+ Ke6 52. Rb4
Kd5 53. a6 f3 54. gxf3 exf3 55. Rb1 Kxc6 56. Ra1 Rh2 0-1